Bác Hồ như chúng tôi đã biết

Một số hồi ức về Hồ Chủ Tịch của các đồng chí Mac Rai-man, Phran-xơ Đalem... nhân kỷ niệm lần 95 ngày sinh của Chủ Tịch Hồ Chí Minh

Spremljeno u:
Bibliografski detalji
Glavni autor: Trần Đương
Format: Knjiga
Jezik:Vietnamese
Izdano: H. Thanh niên 1985
Teme:
Oznake: Dodaj oznaku
Bez oznaka, Budi prvi tko označuje ovaj zapis!
Thư viện lưu trữ: Mạng thư viện Đại học Đà Nẵng
LEADER 01206nam a22003378a 4500
001 000007484
003 3646
005 20111004151016.0
008 111004s1985 b 000 0 vieod
020 |c 11000đ  |d 4000b 
041 0 |a vie 
082 |a 895.9228  |b TR-Đ 
084 |a V6 
100 1 |a Trần Đương 
245 1 0 |a Bác Hồ như chúng tôi đã biết  |c Trần Đương 
260 |a H.  |b Thanh niên  |c 1985 
300 |a 181 tr  |c 19 cm 
520 |a Một số hồi ức về Hồ Chủ Tịch của các đồng chí Mac Rai-man, Phran-xơ Đalem... nhân kỷ niệm lần 95 ngày sinh của Chủ Tịch Hồ Chí Minh 
653 |a hồi ký 
653 |a Hồ Chí Minh 
910 |a Nguyễn Thị Kim Oanh  |d 04/10/2011 
OWN |a LSP 
AVA |a UDN50  |b LSP  |d 895.9228 TR-Đ  |e available  |t Error 5001 Not defined in file expand_doc_bib_avail.  |f 3  |g 1  |h N  |i 0  |k 1 
999 |a From the UDN01 
AVA |a UDN50  |b LSP  |d 895.9228 TR-Đ  |e available  |t Error 5001 Not defined in file expand_doc_bib_avail.  |f 3  |g 1  |h N  |i 0  |k 1 
TYP |a Monograph 
TYP |a Printed language 
980 |a Mạng thư viện Đại học Đà Nẵng